<?xml version="1.0" encoding="UTF-8"?>
<record
    xmlns:xsi="http://www.w3.org/2001/XMLSchema-instance"
    xsi:schemaLocation="http://www.loc.gov/MARC21/slim http://www.loc.gov/standards/marcxml/schema/MARC21slim.xsd"
    xmlns="http://www.loc.gov/MARC21/slim">

  <leader>01006    a2200181   4500</leader>
  <controlfield tag="001">143726</controlfield>
  <datafield tag="040" ind1=" " ind2=" ">
    <subfield code="c">Leonardo Da Vinci</subfield>
  </datafield>
  <datafield tag="041" ind1=" " ind2=" ">
    <subfield code="a">Portugu&#xEA;s</subfield>
  </datafield>
  <datafield tag="082" ind1=" " ind2=" ">
    <subfield code="a">378.155 E26</subfield>
    <subfield code="b">E26</subfield>
  </datafield>
  <datafield tag="245" ind1=" " ind2=" ">
    <subfield code="a">A EDUCA&#xC7;&#xC3;O brasileira no limiar do novo s&#xE9;culo</subfield>
    <subfield code="b">Artigos extra&#xED;dos de simp&#xF3;sios promovidos pelo Centro de
Integra&#xE7;&#xE3;o Empresa-Escola - CIEE em parceria com o jornal O Estado de
S&#xE3;o Paulo</subfield>
  </datafield>
  <datafield tag="260" ind1=" " ind2=" ">
    <subfield code="b">CIEE</subfield>
    <subfield code="c">1998</subfield>
    <subfield code="a">S&#xE3;o Paulo</subfield>
  </datafield>
  <datafield tag="300" ind1=" " ind2=" ">
    <subfield code="a">79</subfield>
  </datafield>
  <datafield tag="362" ind1=" " ind2=" ">
    <subfield code="a">19981015</subfield>
  </datafield>
  <datafield tag="490" ind1=" " ind2=" ">
    <subfield code="v">v. 19</subfield>
    <subfield code="a">Cole&#xE7;&#xE3;o CIEE</subfield>
  </datafield>
  <datafield tag="500" ind1=" " ind2=" ">
    <subfield code="a">Simp&#xF3;sio aconteceu no dia 15 de Outubro de 1998</subfield>
  </datafield>
  <datafield tag="697" ind1=" " ind2=" ">
    <subfield code="a">Educa&#xE7;&#xE3;o no Brasil</subfield>
    <subfield code="a">Universidade</subfield>
    <subfield code="a">Celso Pitta</subfield>
    <subfield code="a">Antio Manuel dos Santos Silva</subfield>
    <subfield code="a">Roberto Leal Lobo e Silva Filho</subfield>
    <subfield code="a">Hermano de Medeiros Ferreira Tavares</subfield>
    <subfield code="a">Wilson de Medeiros Ferreira Tavares</subfield>
    <subfield code="a">Euclide Carvalho Fernandez</subfield>
    <subfield code="a">Arnaldo Niskier</subfield>
    <subfield code="a">Ruy Mesquita Filho</subfield>
    <subfield code="a">Ant&#xF4;nio Jacinto Caleiro Palma</subfield>
    <subfield code="a">Jo&#xE3;o de Scantimburgo</subfield>
    <subfield code="a">Miguel Reale</subfield>
    <subfield code="a">Sidneu</subfield>
    <subfield code="a">Sanches</subfield>
    <subfield code="a">Educa&#xE7;&#xE3;o universit&#xE1;ria</subfield>
    <subfield code="a">Ensino universit&#xE1;rio</subfield>
    <subfield code="a">Sociedade</subfield>
    <subfield code="a">FIPEN</subfield>
  </datafield>
  <datafield tag="942" ind1=" " ind2=" ">
    <subfield code="c">BK</subfield>
  </datafield>
  <datafield tag="952" ind1=" " ind2=" ">
    <subfield code="0">0</subfield>
    <subfield code="1">0</subfield>
    <subfield code="4">0</subfield>
    <subfield code="7">0</subfield>
    <subfield code="a">71.1</subfield>
    <subfield code="b">71.1</subfield>
    <subfield code="d">2024-03-27</subfield>
    <subfield code="l">0</subfield>
    <subfield code="o">378.155 E26</subfield>
    <subfield code="p">O010032</subfield>
    <subfield code="r">2024-03-27 22:48:27</subfield>
    <subfield code="w">2024-03-27</subfield>
    <subfield code="y">BK</subfield>
  </datafield>
  <datafield tag="999" ind1=" " ind2=" ">
    <subfield code="c">143726</subfield>
    <subfield code="d">143726</subfield>
  </datafield>
</record>
